Tools of radio astronomy (Record no. 17577)

MARC details
000 -LEADER
fixed length control field 00649nam a2200229Ia 4500
003 - CONTROL NUMBER IDENTIFIER
control field IN-BaIIA
008 - FIXED-LENGTH DATA ELEMENTS--GENERAL INFORMATION
fixed length control field 211028s9999 xx 000 0 eng d
020 ## - INTERNATIONAL STANDARD BOOK NUMBER
International Standard Book Number 978-3-540-85121-9
040 ## - CATALOGING SOURCE
Transcribing agency IIA Library
080 ## - UNIVERSAL DECIMAL CLASSIFICATION NUMBER
Universal Decimal Classification number 52-77
Item number WIL
100 ## - MAIN ENTRY--PERSONAL NAME
Personal name Wilson, Thomas L.
9 (RLIN) 33229
245 #0 - TITLE STATEMENT
Title Tools of radio astronomy
Statement of responsibility, etc. T.L. Wilson and Susanne Hüttemeister.
250 ## - EDITION STATEMENT
Edition statement 5th ed.
260 ## - PUBLICATION, DISTRIBUTION, ETC.
Place of publication, distribution, etc. Berlin
Name of publisher, distributor, etc. Springer
Date of publication, distribution, etc. 2009
300 ## - PHYSICAL DESCRIPTION
Extent xv, 515p.
650 ## - SUBJECT ADDED ENTRY--TOPICAL TERM
Topical term or geographic name entry element Antenna theory
9 (RLIN) 33230
650 ## - SUBJECT ADDED ENTRY--TOPICAL TERM
Topical term or geographic name entry element Radio astronomy
9 (RLIN) 2849
650 ## - SUBJECT ADDED ENTRY--TOPICAL TERM
Topical term or geographic name entry element Wave polarization
9 (RLIN) 25018
700 ## - ADDED ENTRY--PERSONAL NAME
Personal name Huttemeister, Susanne
9 (RLIN) 33231
700 ## - ADDED ENTRY--PERSONAL NAME
Personal name Rohlfs, Kristen
9 (RLIN) 15086
942 ## - ADDED ENTRY ELEMENTS (KOHA)
Koha item type Books
Holdings
Withdrawn status Lost status Damaged status Not for loan Home library Current library Shelving location Date acquired Source of acquisition Cost, normal purchase price Total Checkouts Total Renewals Full call number Barcode Date last seen Date last checked out Cost, replacement price Price effective from Koha item type Purchase Price
        IIA Library-Bangalore IIA Library-Bangalore General Stacks 17/12/2009 EDS 7315.20 2 14 52-77/ WIL 18499 27/03/2023 27/03/2023 7315.20 17/12/2009 Books Rs. 7315.20

Powered by Koha